| 000 | 01544nam a22003977a 4500 | ||
|---|---|---|---|
| 003 | CHAP | ||
| 005 | 20220329143330.0 | ||
| 008 | 080902s2007 mx a r 00010 spa d | ||
| 010 | _a95089 | ||
| 011 | _a96061 | ||
| 035 | _a106701 | ||
| 040 | _cCHAP | ||
| 090 | _aTesis | ||
| 100 | 1 |
_aOropeza Hernández César. _983644 |
|
| 245 | 1 | 0 |
_aEstudio técnico de los rendimientos de galleta tipo alambre y rodillo en la galletera Mac<U+00B4>Ma S.A. de C.V. _c/por César Oropeza Henández y María Cecilia Velázquez González |
| 260 |
_aChapingo, Méx. : _bEl autor, _c2007 |
||
| 300 |
_axiii, 99 h. : _bilus. ; gráfs. ; cuadros |
||
| 502 | _aTesis (Ing. Agroindustrial) -- UACH. Departamento de Ingeniería Agroindustrial | ||
| 590 |
_aALEPH _b10 _c20130110 _lUCH01 _h1523 |
||
| 590 |
_aBATCH-UPD _b10 _c20130110 _lUCH01 _h0345 |
||
| 590 |
_aBATCH-UPD _b10 _c20130110 _lUCH01 _h1739 |
||
| 590 |
_aBATCH-UPD _b10 _c20130410 _lUCH01 _h0018 |
||
| 590 |
_aBATCH-UPD _b10 _c20130914 _lUCH01 _h0347 |
||
| 590 |
_aCONVERSION _b10 _c20130109 _lUCH01 _h1353 |
||
| 650 | 1 | 4 |
_aAnálisis de varianza. _95977 |
| 650 | 1 | 4 |
_aGalletas. _944431 |
| 650 | 1 | 4 |
_aIndustria panificadora. _957906 |
| 650 | 1 | 4 |
_aMaquinaria industrial _xDiseño. _971220 |
| 650 | 1 | 4 |
_aMaterias primas. _972962 |
| 700 | 1 |
_aVelázquez González, María Cecilia. _9118541 |
|
| 901 | _aBK | ||
| 905 | _aluisgm | ||
| 942 | _cFOLL | ||
| 949 |
_aTesis _bBC _cTES _d33724002067504 _eTS1 _gDonaciØn _h47956 _i106701 _sb |
||
| 949 |
_aTesis _bBC _cTES _d33724002067545 _eTS2 _fc.2 _gDonaciØn _h47957 _i106701 _sb |
||
| 999 |
_c95089 _d95089 |
||